[Event "HUN-chT2 Barcza 1718"]
[Site "Hungary"]
[Date "2018.03.25"]
[Round "10.9"]
[White "Czajner, Gabor"]
[Black "Varga, Marcell1111"]
[Result "0-1"]
[WhiteElo "1811"]
[BlackElo "2003"]
[PlyCount "134"]
[EventDate "2017.09.24"]
[EventType "team-tourn"]
[EventRounds "11"]
[EventCountry "HUN"]
[SourceTitle "EXT 2021"]
[Source "ChessBase"]
[SourceDate "2020.10.23"]
[SourceVersion "1"]
[SourceVersionDate "2020.10.23"]
[SourceQuality "1"]
[WhiteTeam "Szirmabesenyo"]
[BlackTeam "Nyiregyhaza SISE"]
[WhiteTeamCountry "HUN"]
[BlackTeamCountry "HUN"]

1. d4 Nf6 2. Nf3 g6 3. b3 Bg7 4. Bb2 0-0 5. e3 d6 6. Be2 c5 7. 0-0 Nbd7 8. c4 a6 9. a4 b6 10. Nc3 Bb7 11. d5 Ng4 12. Qc2 Qc7 13. h3 Nge5 14. Nxe5 Nxe5 15. f4 Nd7 16. e4 e6 17. Rae1 Rae8 18. Bd3 Bc8 19. Nd1 Bxb2 20. Qxb2 exd5 21. exd5 f5 22. Nf2 Qd8 23. Qd2 Nf6 24. Bc2 Bd7 25. Bd3 Rf7 26. Rxe8+ Qxe8 27. Re1 Re7 28. Rxe7 Qxe7 29. g3 h5 30. Kg2 h4 31. Qe2 Qxe2 32. Bxe2 hxg3 33. Kxg3 Kg7 34. Bd3 b5 35. axb5 axb5 36. Bc2 Bc8 37. Kf3 Kh6 38. Bd1 Nd7 39. Nd3 Nb6 40. Nb2 Kh5 41. Kg3+ Kh6 42. Kf3 g5 43. Kg3 Ba6 44. fxg5+ Kxg5 45. h4+ Kf6 46. Be2 bxc4 47. Bxc4 Bb7 48. Kf3 Nxd5 49. Kf2 Nf4 50. Kg3 Nh5+ 51. Kf2 Bc6 52. Na4 f4 53. Bd3 Ng7 54. Nc3 Nf5 55. h5 Nh6 56. Be4 Be8 57. Bf3 Ke5 58. Nb1 Bf7 59. Nd2 d5 60. Bd1 Kf5 61. Be2 Ng4+ 62. Kg2 Bxh5 63. Bd3+ Ke5 64. Nf3+ Kf6 65. Nd2 Ne5 66. Ba6 Nc6 67. Bb7 Ne7 0-1

[Event "HUN-chT2 Erkel 1617"]
[Site "Hungary"]
[Date "2016.10.30"]
[Round "3.10"]
[White "Czajner, Gabor"]
[Black "Nagy, Karoly1111"]
[Result "1/2-1/2"]
[WhiteElo "1829"]
[BlackElo "2065"]
[PlyCount "64"]
[EventDate "2016.09.25"]
[EventType "team-tourn"]
[EventRounds "11"]
[EventCountry "HUN"]
[SourceTitle "EXT 2021"]
[Source "ChessBase"]
[SourceDate "2020.10.23"]
[SourceVersion "1"]
[SourceVersionDate "2020.10.23"]
[SourceQuality "1"]
[WhiteTeam "Andornaktalya"]
[BlackTeam "Jaszbereny"]
[WhiteTeamCountry "HUN"]
[BlackTeamCountry "HUN"]

1. d4 d5 2. c4 e6 3. Nc3 f5 4. Nf3 Nf6 5. Bg5 Be7 6. c5 Nc6 7. e3 0-0 8. Bb5 Bd7 9. 0-0 Nb8 10. a4 a5 11. Ne5 c6 12. Be2 b6 13. cxb6 Qxb6 14. Nd3 Bc8 15. Rc1 Ba6 16. Nf4 Bc8 17. Nd3 Bd6 18. Rc2 Nbd7 19. Qb1 Ba6 20. Rfc1 Bc4 21. Nf4 Bxf4 22. Bxf4 Bb3 23. Rd2 c5 24. Bd1 Bxd1 25. Rdxd1 Nh5 26. Bg5 c4 27. Nb5 Nhf6 28. Bf4 Rfc8 29. Qa1 Rc6 30. Qa3 Qd8 31. Rc2 Nb6 32. Rdc1 Qd7 1/2-1/2

[Event "HUN-chT2 Erkel 1415"]
[Site "Hungary"]
[Date "2015.03.01"]
[Round "7.12"]
[White "Czajner, Gabor"]
[Black "Lengyel, Istvan"]
[Result "1/2-1/2"]
[WhiteElo "1672"]
[BlackElo "1951"]
[PlyCount "42"]
[EventDate "2014.09.28"]
[EventType "team-tourn"]
[EventRounds "9"]
[EventCountry "HUN"]
[SourceTitle "EXT 2016"]
[Source "ChessBase"]
[SourceDate "2015.10.08"]
[SourceVersion "1"]
[SourceVersionDate "2015.10.08"]
[SourceQuality "1"]
[WhiteTeam "Andornaktalya"]
[BlackTeam "Paszto"]
[WhiteTeamCountry "HUN"]
[BlackTeamCountry "HUN"]

1. d4 d6 2. Nf3 g6 3. b3 Bg7 4. Bb2 Nf6 5. c4 0-0 6. Nc3 b6 7. Qc2 Bb7 8. Rd1 Na6 9. a3 c5 10. d5 Nc7 11. e4 Qd7 12. Be2 Ng4 13. 0-0 f5 14. Rfe1 f4 15. h3 Ne5 16. Nxe5 dxe5 17. Bg4 Qd6 18. a4 a5 19. Bc1 Bc8 20. Qe2 Bxg4 21. Qxg4 h5 1/2-1/2

[Event "HUN-chT2 Erkel 1415"]
[Site "Hungary"]
[Date "2014.12.14"]
[Round "4.12"]
[White "Czajner, Gabor"]
[Black "Marton, Benedek"]
[Result "0-1"]
[WhiteElo "1672"]
[BlackElo "1557"]
[PlyCount "100"]
[EventDate "2014.09.28"]
[EventType "team-tourn"]
[EventRounds "9"]
[EventCountry "HUN"]
[SourceTitle "EXT 2016"]
[Source "ChessBase"]
[SourceDate "2015.10.08"]
[SourceVersion "1"]
[SourceVersionDate "2015.10.08"]
[SourceQuality "1"]
[WhiteTeam "Andornaktalya"]
[BlackTeam "BEAC"]
[WhiteTeamCountry "HUN"]
[BlackTeamCountry "HUN"]

1. d4 d5 2. Bf4 Bf5 3. Nf3 e6 4. c3 c5 5. e3 Nf6 6. Bb5+ Nbd7 7. Nbd2 a6 8. Be2 Be7 9. 0-0 0-0 10. Rc1 Qb6 11. Qb3 Qc6 12. c4 Bd6 13. cxd5 exd5 14. Bxd6 Qxd6 15. Qa3 Rac8 16. Nb3 Ne4 17. Nh4 Be6 18. dxc5 Ndxc5 19. Nxc5 Rxc5 20. b4 Rxc1 21. Rxc1 Rc8 22. Rxc8+ Bxc8 23. Nf3 Bg4 24. Qb2 Qc7 25. b5 Nc3 26. bxa6 Nxe2+ 27. Qxe2 Qc1+ 28. Qf1 Qxf1+ 29. Kxf1 bxa6 30. Ke2 Kf8 31. Kd3 Bxf3 32. gxf3 Ke7 33. Kd4 Kd6 34. h4 f5 35. a3 a5 36. a4 g6 37. f4 h6 38. f3 h5 39. e4 fxe4 40. fxe4 dxe4 41. Kxe4 Ke6 42. Kd4 Kf5 43. Kc5 Kxf4 44. Kb5 g5 45. hxg5 Kxg5 46. Kxa5 h4 47. Kb6 h3 48. a5 h2 49. a6 h1Q 50. Ka7 Qc6 0-1

[Event "HUN-chT2 Erkel 1314"]
[Site "Hungary"]
[Date "2014.03.23"]
[Round "9.12"]
[White "Czajner, Gabor"]
[Black "Lengyel, Istvan"]
[Result "1/2-1/2"]
[WhiteElo "1596"]
[BlackElo "2002"]
[PlyCount "32"]
[EventDate "2013.09.08"]
[EventType "team-tourn"]
[EventRounds "11"]
[EventCountry "HUN"]
[SourceTitle "EXT 2016"]
[Source "ChessBase"]
[SourceDate "2015.10.08"]
[SourceVersion "1"]
[SourceVersionDate "2015.10.08"]
[SourceQuality "1"]
[WhiteTeam "Andornaktalya"]
[BlackTeam "Paszto"]
[WhiteTeamCountry "HUN"]
[BlackTeamCountry "HUN"]

1. d4 g6 2. Nf3 Bg7 3. Bf4 Nf6 4. Nbd2 d6 5. c3 0-0 6. e3 c6 7. Be2 Nbd7 8. 0-0 b5 9. Qb3 Nb6 10. c4 bxc4 11. Bxc4 Nxc4 12. Qxc4 Bd7 13. Rfe1 Rc8 14. Qb3 Nd5 15. Bg3 Rb8 16. Qc2 Nb4 1/2-1/2

[Event "HUN-chT2 Erkel 1314"]
[Site "Hungary"]
[Date "2013.11.03"]
[Round "4.11"]
[White "Czajner, Gabor"]
[Black "Kovacsy, Barnabas"]
[Result "1-0"]
[WhiteElo "1596"]
[BlackElo "1556"]
[PlyCount "137"]
[EventDate "2013.09.08"]
[EventType "team-tourn"]
[EventRounds "11"]
[EventCountry "HUN"]
[SourceTitle "EXT 2016"]
[Source "ChessBase"]
[SourceDate "2015.10.08"]
[SourceVersion "1"]
[SourceVersionDate "2015.10.08"]
[SourceQuality "1"]
[WhiteTeam "Andornaktalya"]
[BlackTeam "Budapest EAC II"]
[WhiteTeamCountry "HUN"]
[BlackTeamCountry "HUN"]

1. d4 Nf6 2. Nf3 g6 3. Bf4 Bg7 4. Nbd2 d5 5. e3 0-0 6. Bd3 Nc6 7. Ne5 Nb4 8. Bb5 Bf5 9. Ba4 c6 10. g4 Be4 11. f3 g5 12. Bxg5 Bg6 13. h4 h6 14. Bf4 Nd7 15. Nxd7 Qxd7 16. a3 Na6 17. c3 Nc7 18. Bc2 Ne6 19. Bg3 Nd8 20. Bxg6 fxg6 21. Qc2 Qe6 22. 0-0-0 b5 23. Rde1 a5 24. e4 Qf7 25. exd5 cxd5 26. Qb3 b4 27. axb4 axb4 28. Qxb4 Nc6 29. Qb7 Rfc8 30. Kb1 h5 31. Qd7 Bh6 32. g5 Bg7 33. Qe6 Qxe6 34. Rxe6 Kf7 35. Rhe1 Be5 36. Rxc6 Bxg3 37. Rxc8 Rxc8 38. Rh1 Rb8 39. Kc2 Bf4 40. Nb3 Bd6 41. Rf1 Bg3 42. Rh1 Bd6 43. Nc1 Ke6 44. Nd3 Rf8 45. Rh3 Kf5 46. Kd2 Bf4+ 47. Ke2 Rb8 48. Kf2 e5 49. dxe5 Bxe5 50. Rh1 d4 51. Nxe5 Rxb2+ 52. Kg3 Kxe5 53. Re1+ Kd5 54. cxd4 Kxd4 55. Re6 Rb1 56. Rxg6 Rg1+ 57. Kh2 Rf1 58. Rf6 Ke3 59. g6 Kf2 60. Rf5 Rd1 61. Rg5 Rd2 62. Rg2+ Ke3 63. Rxd2 Kxd2 64. g7 Ke1 65. g8Q Kf2 66. Qg2+ Ke3 67. Qg5+ Kf2 68. f4 Kf3 69. f5 1-0